Capitales du Monde Aléatoire - Quiz - Statistiques

Statistiques générales
  • Ce quiz a été pris 12 fois
  • Le résultat moyen est 115 sur 196
Statistiques - réponses
Pays Capitale % Correct
Algérie Alger
100%
Madagascar Antananarivo
100%
Venezuela Caracas
100%
Finlande Helsinki
100%
Israël Jérusalem
100%
Koweït Koweït
100%
Luxembourg Luxembourg
100%
Espagne Madrid
100%
Monaco Monaco
100%
Équateur Quito
100%
Autriche Vienne
100%
Pays-Bas Amsterdam
83%
Turquie Ankara
83%
Paraguay Asunción
83%
Grèce Athènes
83%
Irak Bagdad
83%
Allemagne Berlin
83%
Suisse Berne
83%
Liban Beyrouth
83%
Colombie Bogotá
83%
Brésil Brasilia
83%
Roumanie Bucarest
83%
Hongrie Budapest
83%
Australie Canberra
83%
Sénégal Dakar
83%
Syrie Damas
83%
Irlande Dublin
83%
Viêt Nam Hanoï
83%
Afghanistan Kaboul
83%
Jamaïque Kingston
83%
Malaisie Kuala Lumpur
83%
Cuba La Havane
83%
Malte La Valette
83%
Pérou Lima
83%
Portugal Lisbonne
83%
Royaume-Uni Londres
83%
Philippines Manille
83%
Mexique Mexico
83%
Biélorussie Minsk
83%
Uruguay Montevideo
83%
Russie Moscou
83%
Kenya Nairobi
83%
Inde New Delhi
83%
Norvège Oslo
83%
Canada Ottawa
83%
Mongolie Oulan-Bator
83%
France Paris
83%
Corée du Nord Pyongyang
83%
Maroc Rabat
83%
Islande Reykjavik
83%
Lettonie Riga
83%
Italie Rome
83%
Bosnie- Herzégovine Sarajevo
83%
Corée du Sud Séoul
83%
Suède Stockholm
83%
Estonie Tallinn
83%
Géorgie Tbilissi
83%
Tunisie Tunis
83%
Pologne Varsovie
83%
Vatican Vatican
83%
États-Unis Washington
83%
Nouvelle-Zélande Wellington
83%
Émirats Arabes Unis Abou Dabi
67%
Éthiopie Addis-Abeba
67%
Kazakhstan Astana
67%
Azerbaïdjan Bakou
67%
Mali Bamako
67%
Thaïlande Bangkok
67%
Serbie Belgrade
67%
Guinée-Bissau Bissau
67%
Slovaquie Bratislava
67%
Belgique Bruxelles
67%
Argentine Buenos Aires
67%
Moldavie Chișinău
67%
Danemark Copenhague
67%
Qatar Doha
67%
Arménie Erevan
67%
Guatemala Guatemala
67%
Indonésie Jakarta
67%
Népal Katmandou
67%
Ukraine Kiev
67%
Rép. Dém. du Congo Kinshasa
67%
Bolivie La Paz / Sucre
67%
Égypte Le Caire
67%
Slovénie Ljubljana
67%
Tchad Ndjamena
67%
Chypre Nicosie
67%
Burkina Faso Ouagadougou
67%
Panama Panama
67%
Chine Pékin
67%
Cambodge Phnom Penh
67%
Haïti Port-au-Prince
67%
République Tchèque Prague
67%
Afrique du Sud Pretoria / Le Cap / Bloemfontein
67%
Kosovo Pristina
67%
Arabie Saoudite Riyad
67%
République Dominicaine Saint-Domingue
67%
Saint-Marin Saint-Marin
67%
Salvador San Salvador
67%
Chili Santiago
67%
Singapour Singapour
67%
Macédoine du Nord Skopje
67%
Bulgarie Sofia
67%
Taïwan Taipei
67%
Iran Téhéran
67%
Albanie Tirana
67%
Japon Tokyo
67%
Libye Tripoli
67%
Liechtenstein Vaduz
67%
Lituanie Vilnius
67%
Côte d'Ivoire Yamoussoukro
67%
Cameroun Yaoundé
67%
Croatie Zagreb
67%
Ghana Accra
50%
Jordanie Amman
50%
Andorre Andorre-la- Vieille
50%
Rép du Congo Brazzaville
50%
Guinée Conakry
50%
Bangladesh Dacca
50%
Djibouti Djibouti
50%
Pakistan Islamabad
50%
Gabon Libreville
50%
Maldives Malé
50%
Bahreïn Manama
50%
Oman Mascate
50%
Somalie Mogadiscio
50%
Bahamas Nassau
50%
Mauritanie Nouakchott
50%
Monténégro Podgorica
50%
Costa Rica San José
50%
Fidji Suva
50%
Honduras Tegucigalpa
50%
Nigeria Abuja
33%
Turkménistan Achgabat
33%
Érythrée Asmara
33%
Brunei Bandar Seri Begawan
33%
République Centrafricaine Bangui
33%
Gambie Banjul
33%
Saint-Christophe- et-Niévès Basseterre
33%
Belize Belmopan
33%
Kirghizistan Bichkek
33%
Barbade Bridgetown
33%
Sainte-Lucie Castries
33%
Guinée Équatoriale Ciudad de la Paz
33%
Timor Oriental Dili
33%
Soudan du Sud Djouba
33%
Tadjikistan Douchanbé
33%
Sierra Leone Freetown
33%
Botswana Gaborone
33%
Guyana Georgetown
33%
Zimbabwe Harare
33%
Ouganda Kampala
33%
Soudan Khartoum
33%
Rwanda Kigali
33%
Saint-Vincent-et- les-Grenadines Kingstown
33%
Togo Lomé
33%
Angola Luanda
33%
Zambie Lusaka
33%
Nicaragua Managua
33%
Lesotho Maseru
33%
Eswatini Mbabane
33%
Comores Moroni
33%
Birmanie Naypyidaw
33%
Niger Niamey
33%
Suriname Paramaribo
33%
Trinité-et-Tobago Port-d'Espagne
33%
Maurice Port-Louis
33%
Papouasie- Nouvelle-Guinée Port Moresby
33%
Bénin Porto-Novo
33%
Cap-Vert Praia
33%
Dominique Roseau
33%
Grenade Saint George's
33%
Yémen Sanaa
33%
Sao Tomé-et- Principe Sao Tomé
33%
Sri Lanka Sri Jayawardenapura Kotte
33%
Ouzbékistan Tachkent
33%
Bhoutan Thimphou
33%
Seychelles Victoria
33%
Laos Vientiane
33%
Samoa Apia
17%
Tanzanie Dodoma
17%
Tuvalu Funafuti
17%
Burundi Gitega
17%
Îles Salomon Honiara
17%
Malawi Lilongwe
17%
Îles Marshall Majuro
17%
Mozambique Maputo
17%
Liberia Monrovia
17%
Palaos Ngerulmud
17%
Tonga Nukuʻalofa
17%
Vanuatu Port-Vila
17%
Antigua-et- Barbuda Saint John's
17%
Kiribati Tarawa-Sud
17%
Namibie Windhoek
17%
Nauru Yaren
17%
États Fédérés de Micronésie Palikir
0%
Aucun quiz correspondant
Distribution des résultats
% des personnes avec chaque résultat
Percentile par nombre de réponses
Votre historique - résultats
Vous n’avez pas pris ce quiz